000 00444cam a22001337a 4500
008 180718b2000 xxu||||| |||| 00| 0 eng d
082 _aC41 H191
245 _aHandbook on human rights for judicial officers
260 _aBangalore
_bNational Institute of Human Rights
_c2000
300 _a360p.
650 _aCourts --India --Officials and employees --Handbooks, manuals, etc
650 _aHuman rights --India
650 _aCivil rights --India
999 _c398760
_d398760